Ensayo general de educación física, moral e intelectual, con un plan de educación práctica... ó Investigaciones sobre los principios de una educación perfeccionada... / (Record no. 156502)
[ view plain ]
| 000 -LEADER | |
|---|---|
| campo de control de longitud fija | 00841nam a2200169 i 4500 |
| 001 - NÚMERO DE CONTROL | |
| campo de control | 156502 |
| 003 - IDENTIFICADOR DE NÚMERO DE CONTROL | |
| campo de control | ES-MaACL |
| 005 - FECHA Y HORA DE LA ÚLTIMA TRANSACCIÓN | |
| campo de control | 20230906210427.0 |
| 008 - DATOS DE LONGITUD FIJA--INFORMACIÓN GENERAL | |
| campo de control de longitud fija | 970226s1840 sp |||| | spa d |
| 100 1# - ENTRADA PRINCIPAL--NOMBRE DE PERSONA | |
| Nombre de persona | Jullien, Marc Antoine. |
| 9 (RLIN) | 128396 |
| 245 10 - MENCIÓN DEL TÍTULO | |
| Título | Ensayo general de educación física, moral e intelectual, con un plan de educación práctica... ó Investigaciones sobre los principios de una educación perfeccionada... / |
| Mención de responsabilidad, etc. | escrito en francés por Marco-Antonio Jullien de Paris ; traducida al castellano por José María Laulhé y José Hernández. |
| 246 30 - FORMA VARIANTE DEL TITULO | |
| Título propio/Titulo breve | Investigaciones sobre los principios de una educación |
| 260 ## - PUBLICACIÓN, DISTRIBUCIÓN, ETC. | |
| Lugar de publicación, distribución, etc. | Valencia : |
| Nombre del editor, distribuidor, etc. | [s.n.], |
| Fecha de publicación, distribución, etc. | 1840 ( |
| Fabricante | Imp. a cargo de Ventura Lluch) |
| 300 ## - DESCRIPCIÓN FÍSICA | |
| Extensión | XXV, 520 p., [1] h. pleg. ; |
| Dimensiones | 22 cm. |
| 700 1# - ENTRADA AGREGADA--NOMBRE PERSONAL | |
| Nombre de persona | Laulhé, José María. |
| 9 (RLIN) | 128737 |
| 852 ## - LOCALIZACIÓN | |
| Ubicación | ES-MaACL |
| Número de control de estantería | C-3372 |
| Nota libre | - Enc. hol. |
| Estatus retirado | Estado de pérdida | Estado de daño | No para préstamo | Colección | Biblioteca de origen | Biblioteca actual | Ubicación en estantería | Fecha de adquisición | Fuente de adquisición | Total de préstamos | Signatura topográfica completa | Código de barras | Visto por última vez | Precio de reemplazo | Tipo de ítem Koha |
|---|---|---|---|---|---|---|---|---|---|---|---|---|---|---|---|
| Libros del s. XIX | Biblioteca del Ateneo de Madrid | Biblioteca del Ateneo de Madrid | Sala Palomar | 17/01/2008 | C-3372 | 1163738 | 23/02/2023 | 23/02/2023 | Libro impreso antiguo |
